000 00613nam a2200229Ia 4500
003 OSt
005 20220918230013.0
006 a|||||r|||| 00| 0
007 ta
008 220917b |||||||| |||| 00| 0 eng d
024 _a247,736
037 _cTextual
040 _aARTS
_cARTS
_beng
041 _2eng
_aeng
082 _aX65.73.N5, K9
100 _aKindleberger Charles P.
245 0 _aAmerican business abroad
260 _aLondon
_bYale University Press UK
_c1969
650 _aECONOMICS
942 _hX65.73.N5, K9
_cTEXL
_2CC
999 _c286737
_d286737